000
00297nam a22001217a 4500
008
160506b xxu||||| |||| 00| 0 eng d
020
_a
9781416056751
020
_a
9781416056751
041
_a
eng
080
_a
61
245
_a
Essentials of medical assisting:
_c
Diane M. Klieger;
942
_2
udc
_c
BK
999
_c
1863
_d
1863